|
|
|
|
| LEADER |
01973nam a2200385 a 4500 |
| 001 |
00022327 |
| 008 |
110419s1991 bg w 000 0 mul d |
| 040 |
|
|
|a BD-DhAAL
|c BD-DhAAL
|
| 041 |
|
|
|a Eng
|a Ben
|
| 082 |
0 |
0 |
|a 348.5492/046
|2 22
|
| 999 |
|
|
|c 10733
|d 10733
|
| 999 |
|
|
|c 10733 | 10733
|
| 999 |
|
|
|c 10733 | 10733
|
| 999 |
|
|
|c 10733
|
| 130 |
0 |
|
|a DLR
|9 3892
|
| 245 |
0 |
4 |
|a The Dhaka law reports :
|b a monthly law journal,
|c Founder editor, Obaidul Huq Chowdhury, Chief editor, A. Muntaquim Chaudhury, editor, Shahabuddin Ahmed,
|n volume no. 43
|
| 246 |
1 |
7 |
|a The Dhaka Law Reports.
|
| 260 |
|
|
|a Dhaka :
|b Dhaka Law Reports,
|c 1991
|
| 300 |
|
|
|a 240,662,136 p. :
|c 25 cm.
|
| 362 |
0 |
|
|a Vol.XLIII,1990
|
| 500 |
|
|
|a Cit. 43 DLR(AD);43 DLR etc.
|
| 500 |
|
|
|a "A journal of law reports."
|
| 500 |
|
|
|a Latest issue consulted: Vol.XLIII,January to December,1991
|
| 541 |
|
|
|e 00022327, 27960
|
| 590 |
|
|
|a Published yearly.
|
| 650 |
|
0 |
|a Law reports, digests, etc.
|z Bangladesh.
|9 3893
|
| 700 |
1 |
|
|a Chowdhury,Obaidul Haque.
|9 3894
|
| 700 |
1 |
|
|a Chaudhury,A. Muntaquim.
|9 1692
|
| 700 |
1 |
|
|a Ahmad,Shahabuddin.
|9 3895
|
| 852 |
4 |
|
|a Ayesha Abed Library
|j General shelf
|
| 942 |
|
|
|2 ddc
|c 1HOUR
|0 3
|
| 952 |
|
|
|0 0
|1 0
|2 ddc
|4 1
|6 348_549204600000000_DHA
|7 0
|8 REF
|9 16148
|a BRACUL
|b BRACUL
|c SPS
|d 2011-04-19
|l 17
|o 348.5492046 DHA
|p 3010022327
|r 2013-07-28
|s 2013-07-28
|t 1
|w 2011-04-19
|y 1HOUR
|x Photocopy Book. Declared as Damaged on December 10, 2023
|
| 952 |
|
|
|0 0
|1 0
|2 ddc
|4 0
|6 348_549204600000000_DHA
|7 0
|8 REF
|9 23946
|a BRACUL
|b BRACUL
|c CIR
|d 2014-03-04
|l 0
|o 348.5492046 DHA
|p 3010027898
|r 2014-03-04
|t 2
|w 2014-03-04
|y 1HOUR
|
| 952 |
|
|
|0 0
|1 0
|2 ddc
|4 1
|6 348_549204600000000_DHA
|7 0
|8 REF
|9 24110
|a BRACUL
|b BRACUL
|c REF
|d 2014-04-03
|g 1070.00
|l 25
|o 348.5492046 DHA
|p 3010027960
|r 2019-11-05
|s 2019-11-05
|t 3
|w 2014-04-03
|y 1HOUR
|
| 952 |
|
|
|0 0
|1 0
|2 ddc
|4 0
|6 348_549200000000000_046_DHA
|7 0
|8 REF
|9 54150
|a BRACUL
|b BRACUL
|c REF
|d 2015-06-08
|g 994.00
|l 15
|o 348.5492046 DHA
|p 3010029148
|r 2019-03-06
|s 2019-03-06
|t 4
|w 2015-06-08
|y 1HOUR
|